000 01047nac a22003257a 4500
001 BR0002634
003 BR-BrBNA
005 20240105122416.0
008 230509b bl.|||m| |||| 00| 0 por d
040 _aBR-BrBNA
_bpor
_cBiblioteca Nacional de Agricultura
072 _aS20
090 _a9000 BR0002634
100 1 _aCasagrande, A.
100 1 _aMurakami, J.L.G.
100 1 _aZawadzki, J.
100 1 _aSantos, M.R. dos
100 1 _aFuckner, M.
100 1 _aRover, N.
110 1 _aEmpresa Paranaense de Assistencia Tecnica e Extensao Rural, Curitiba (Brasil)
245 1 _aFormacao de auxiliares de servicos domesticos. Alimentacao
260 3 _aCuritiba, PR (Brasil):
_c2000.
300 _a16 p.
490 _aSerie Produtor - Empresa Paranaense de Assistencia Tecnica e Extensao Rural (Brazil)
_vno. 26
_x
500 _a3 ref.; 7 illus.
650 _aAlimentacao
650 _aHigiene de Alimento
650 _aArmazenamento de Alimento
909 _a202312
_bLúcia Elande
_c55
_dLúcia Elande
942 _2AGRIS
_n0
_cMS
999 _c290872
_d290872